Increasing Word Chain #1 - Statistics

General Stats
  • This quiz has been taken 91 times
  • The average score is 16 of 28
Answer Stats
# Hint Answer % Correct
3 You might find one hard-boiled or deviled egg
98%
1 In music, the opposite of P F
93%
2 Santa __, NM Fe
87%
4 City home to pyramids and the Sphinx Giza
84%
9 Boat that can go under water submarine
84%
13 Your child's daughter granddaughter
83%
7 A very scary wave tsunami
74%
4 The animal that Cancer is crab
73%
8 African or Indian animal elephant
73%
11 Opposite of exothermic endothermic
72%
10 Tree with leaves eaten by koalas eucalyptus
70%
3 Wet muddy area bog
68%
2 Abbreviation for a romantic female friend gf
67%
11 Art movement that started in Italy in the 14th century Renaissance
67%
5 "Naruto", for example anime
65%
8 Bigger than a gigabyte terabyte
63%
12 Cold kitchen appliance refrigerator
61%
6 Peninsula on which Gibraltar is located Iberia
60%
10 Two-wheeled vehicle with a gas tank motorcycle
59%
5 Moctezuma is one Aztec
50%
9 Tundra, taiga, desert, and coral reef, for example ecosystem
35%
14 Unfairly manipulating electoral boundaries gerrymandering
34%
13 Place where the Pilgrims settled Massachusetts
29%
7 Iqaluit is its capital Nunavut
29%
12 Ancient Chinese philosophy Confucianism
27%
6 Flag flown by a ship ensign
20%
14 A supervisor or a high-ranking police officer superintendent
10%
15 What tech support is probably doing troubleshooting
6%
No matching quizzes found
Score Distribution
Percent of People with Each Score
Percentile by Number Answered
Your Score History
You have not taken this quiz